00839pam a22002174a 4500008004100000020002200041245013100063260004100194300003400235500002000269504004100289650003900330650005200369650005200421650005100473650004900524700002100573003000100594005001700595040000900612  a0821358480 (pbk.)00aBattling HIV/AIDS :ba decision maker's guide to the procurement of medicines and related supplies /cYolanda Tayler, editor. aWashington, DC :bWorld Bank,c2004. axxv, 152 p. :bill. ;c23 cm. aIncludes index. aIncludes bibliographical references. 0aAntiretroviral agentsxPurchasing. 0aAIDS (Disease)xChemotherapyxEconomic aspects. 0aHIV infectionsxChemotherapyxEconomic aspects. 0aPharmaceutical industryzDeveloping countries. 0aPharmaceutical policyzDeveloping countries.1 aTayler, Yolanda.20230120204104.0 cNUST